| 000 | 01300cam a2200397 a 4500 | ||
|---|---|---|---|
| 001 | 22665 | ||
| 003 | SK-KTurca | ||
| 005 | 20260415141731.0 | ||
| 008 | 220512s1991 xo g 0000f slo | ||
| 015 | _aSNBA1991/12 | ||
| 020 |
_a8085286343 _q(súbor ; _qviazané) |
||
| 020 |
_a8085286351 _q(1.zväzok ; _qviazané) |
||
| 035 | _aBD44C41C-913C-4BAF-80C5-A5A3A9CC850A | ||
| 035 | _aSNK000009167 | ||
| 035 | _aurn:nbn:sk:snk-am003tad | ||
| 035 | _aurn:nbn:sk:snk-amkxw4 | ||
| 040 |
_aSNK _bslo _cSNK _eAACR2 |
||
| 041 | 1 |
_aslo _hfre |
|
| 044 |
_axo _cSK |
||
| 072 | 7 |
_a821.133.1-3 _xFrancúzska próza, francúzsky písaná _2konspekt |
|
| 080 |
_a840-3 _21981 |
||
| 080 |
_a821.133.1-31 _22011 |
||
| 080 |
_a(0:82-311.6) _22011 |
||
| 100 | 1 |
_aSue, Eugène, _d1804-1857 _4aut |
|
| 240 | 1 | 3 |
_aLe Juif errant _lSlovensky |
| 245 | 1 | 0 |
_aVečný Žid _n1 _cEugène Sue ; z francúzskeho originálu Le Juif errant ... preložil Ján Žigo |
| 250 | _a2. vydanie | ||
| 260 |
_aMartin _bMARTIS _c1991 _eBratislava _fDanubiaprint |
||
| 300 |
_a499 strán _c21 cm |
||
| 655 | 7 |
_afrancúzske romány _2SNKPH |
|
| 655 | 7 |
_ahistorické romány _2SNKPH |
|
| 655 | 7 |
_aFrench fiction _2SNKPHeng |
|
| 655 | 7 |
_aHistorical novels _2SNKPHeng |
|
| 700 | 1 |
_aŽigo, Ján, _d1915-1995 _4trl |
|
| 942 |
_2ddc _cKLDO _n0 |
||
| 999 |
_c22665 _d22665 |
||